000
00323nam a22001337a 4500
008
170329b xxu||||| |||| 00| 0 eng d
020
_a
9780683089042
041
_a
eng
080
_2
3RD
_a
616-053.2
100
_a
8
101
_a
SHM
245
_a
PEDIATRIC NEUROLOGY FOR THE HOUSE OFFICER
_c
WEINER, H.L
942
_2
udc
_c
BK
999
_c
9023
_d
9023